CONPOSITE STRUCTURE (Record no. 35878)
[ view plain ]
| 000 -LEADER | |
|---|---|
| fixed length control field | 00397nam a22001697a 4500 |
| 003 - CONTROL NUMBER IDENTIFIER | |
| control field | OSt |
| 005 - DATE AND TIME OF LATEST TRANSACTION | |
| control field | 20240321115115.0 |
| 008 - FIXED-LENGTH DATA ELEMENTS--GENERAL INFORMATION | |
| fixed length control field | 170717b xxu||||| |||| 00| 0 eng d |
| 020 ## - INTERNATIONAL STANDARD BOOK NUMBER | |
| International Standard Book Number | 1405100354 |
| 040 ## - CATALOGING SOURCE | |
| Transcribing agency | SEROSOFT |
| 100 ## - MAIN ENTRY--PERSONAL NAME | |
| Personal name | JOHNSON, R.P |
| 111 ## - MAIN ENTRY--MEETING NAME | |
| Location of meeting | POLYTECHNIC |
| 245 ## - TITLE STATEMENT | |
| Title | CONPOSITE STRUCTURE |
| Statement of responsibility, etc. | JOHNSON R P |
| 260 ## - PUBLICATION, DISTRIBUTION, ETC. | |
| Place of publication, distribution, etc. | DELHI |
| Name of publisher, distributor, etc. | WILEY |
| Date of publication, distribution, etc. | 2013 |
| 300 ## - PHYSICAL DESCRIPTION | |
| Extent | 230 |
| 942 ## - ADDED ENTRY ELEMENTS (KOHA) | |
| Source of classification or shelving scheme | |
| Koha item type | General Book |
| Edition | 2ND |
| Withdrawn status | Lost status | Source of classification or shelving scheme | Damaged status | Not for loan | Home library | Current library | Date acquired | Source of acquisition | Total Checkouts | Barcode | Date last seen | Price effective from | Koha item type | Full call number | Date last checked out |
|---|---|---|---|---|---|---|---|---|---|---|---|---|---|---|---|
| IIMT University Central Library Meerut | IIMT University Central Library Meerut | 07/17/2017 | KIRTI PRAKASHAN | 01-B-121547 | 07/17/2017 | 07/17/2017 | General Book | ||||||||
| IIMT University Central Library Meerut | IIMT University Central Library Meerut | 07/17/2017 | KIRTI PRAKASHAN | 01-B-121548 | 07/17/2017 | 07/17/2017 | Reference Book | R | |||||||
| IIMT University Central Library Meerut | IIMT University Central Library Meerut | 07/17/2017 | KIRTI PRAKASHAN | 01-B-121549 | 07/17/2017 | 07/17/2017 | General Book | ||||||||
| IIMT University Central Library Meerut | IIMT University Central Library Meerut | 07/17/2017 | KIRTI PRAKASHAN | 1 | 01-B-121550 | 12/28/2023 | 07/17/2017 | General Book | 12/28/2023 | ||||||
| IIMT University Central Library Meerut | IIMT University Central Library Meerut | 07/17/2017 | KIRTI PRAKASHAN | 01-B-121551 | 07/17/2017 | 07/17/2017 | General Book |

